01473nab a22002297a 4500003000400000005001700004008004100021040000700062100003100069245011600100260007300216300001300289500007500302505051300377505008900890650002900979650001201008650002501020650003401045650002801079773013601107OSt20260131192356.0190603e xxum|||| |||| 00| 0 spa d cPJ aCompiani, María Fabiana 13aEl contrato de seguro a diez años de la vigencia del Código Civil y Comercial /cMaría Fabiana Compiani.  cCiudad Autónoma de Buenos Aires :aThomson Reuters La Ley, b2025. ap. 49-56 aCita: TR LALEY AR/DOC/2869/2025 Publicado en: RCCyC 2025 (Diciembre). aSumario: I. Los pronósticos acerca de la armonización de las normativas que concurren a regular el contrato de seguro.— II. El estado de la cuestión desde la vigencia del Cód. Civ. y Com. El diálogo de fuentes y el resultado tangible de la imprevisibilidad reinante.— III. La cuestión de la prescripción y de la suspensión de cobertura por falta de pago.— IV. Las perspectivas: ¿la modificación total o parcial de la Ley de Contrato de Seguro corrige los problemas?— V. Colofón.  t¿Te interesa el texto completo? Solicitalo al correo: koha@justierradelfuego.gov.ar 0aCODIGO CIVIL Y COMERCIAL 0aSEGUROS 0aCONTRATOS DE CONSUMO 0aLEY DE DEFENSA DEL CONSUMIDOR 0aDERECHOS DEL CONSUMIDOR0 02713dCiudad Autónoma de Buenos Aires : Thomson Reuters La Ley, 2015-tRevista Código Civil y Comercial. Nº 6 - Diciembre 2025